| 000 | 00508nam a2200181Ia 4500 | ||
|---|---|---|---|
| 003 | GCL | ||
| 008 | 140319s9999 xx 000 0 eng d | ||
| 040 |
_aGCL / _cGCL |
||
| 082 | 0 | 4 |
_a393.0938 _bM D |
| 100 | 1 | _aMORRIS, IAN | |
| 245 | 1 | 0 |
_aDEATH - RITUAL AND SOCIAL STRUCTURE IN CLASSICAL ANTIQUITY / _cMORRIS, IAN |
| 260 |
_a[S.N] : _bCAMBRIBGE UNIVERSITY PRESS ، _c1992 |
||
| 300 | _a264 PP | ||
| 650 | 0 | 4 | _aCIVILIZATION CLASSICAL |
| 650 | 0 | 4 | _aBURIAL ROME |
| 650 | 0 | 4 | _aBURIAL GREECE |
| 942 |
_2ddc _cBK |
||
| 999 |
_c18207 _d18207 |
||